000 00617nam a2200253Ia 4500
005 20260121153759.0
008 008 260114s9999 xx 000 0 eng d
020 _a9780203802373
037 _aEBOOK
040 _aCRL
040 _beng
040 _cCRL
041 _2eng
041 _aeng
084 _qCRL
100 _aPaul Mosley; Pamela Lenton
_9999033
245 0 _aFinancial Exclusion and the Poverty Trap
260 _bTaylor and Francis
260 _c2012
856 _uhttp://www.taylorfrancis.com/books/9780203802373
942 _cEBOOK
999 _c1565854
_d1565854